• 首页
  • 本馆介绍
  • 公告通知
  • 最新文献
  • 馆藏检索
  • 电子资源
  • 读者导购
  • 参考咨询
  • 我的图书馆
  • 登录
  • 详细信息显示
  • 放入我的书架
  • 预约/预借图书
  • 作者相关作品
  • 分类相关作品
  • 丛书相关作品
  • 出版社相关作品

书目信息

  • 表格格式
  • 工作单格式
  • 卡片格式
题名:
一位女士的画像
    
 
作者: 詹姆斯 , James 著 ;项星耀 译
分册:  
出版信息: 北京   人民文学出版社  1984
页数: 716页
开本: 21cm
丛书名:
单 册:
中图分类: I712.44 , I561.4
科图分类:
主题词: 长篇小说--美国--近代
电子资源:
ISBN:
000 00809nam0 2200277 450
001 1557548486
005 20150122155937.97
010    @dCNY2.25
091    @a10019.3585
100    @a19950222d1984 em y0chiy0110 ea
101 1  @achi@ceng
102    @aCN@b110000
105    @ay z 000ay
200 1  @a一位女士的画像@9yi wei nu shi de hua xiang@f(美)詹姆斯(H.James)著@g项星耀译
210    @a北京@c人民文学出版社@d1984
215    @a716页@d21cm
300    @a书名原文:The Portrait of a Lady
510 1  @aThe Portrait of a Lady@zeng
606 0  @a长篇小说@y美国@z近代
690    @aI712.44@v5
690    @aI561.4@v4
701  1 @a詹姆斯@9zhan mu si@bH.@4著
701  1 @aJames@bH.@4著
702  0 @a项星耀@9xiang xing yao@f(1924~1997)@4译
801  0 @aCN@bTSSF@c20150122
905    @aZUCC@dI561.4@eJY39
    
    一位女士的画像/(美)詹姆斯(H.James)著/项星耀译.-北京:人民文学出版社,1984
    716页;21cm
    书名原文:The Portrait of a Lady
    
    ISBN :CNY2.25
    
●
相关链接 在E读中查询图书 在五车中查询图书 在当当中查询图书 在豆瓣中查询图书


正题名:一位女士的画像     索取号:I561.4/JY39         预约/预借

序号 登录号 条形码 馆藏地/架位号 状态 备注
1 7850904   278509044   学院路分馆/ [索取号:I561.4/JY39] 在馆    
唐山师范学院图书馆 欢迎您!
大连网信软件有限公司© 版权所有